000 00996nam a22002657a 4500
005 20170123162320.0
010 _aA-088246
020 _c25.00
035 _aA-088246
037 _bCen Lib/Ret
040 _aDPL
_bUR
082 _a270.41
_bغ زا
100 _aغزالی، امام
_9116558
245 _aاسلام کی اخلاقی تعلیمات /
_cامام غزالی ;مترجم رشیدل وحیدی
246 _aIslam ki aklaqi taleemat /
_bby Imam Ghazali ; translated by Rasheedul Waheedi
260 _aنیی دہلی
_bذاکر حسین انسٹیٹیوٹ وف اسلامک اسٹڈیز
_c1981
270 _bنیی دہلی
_aجامہ مللیہ سلمہ
_e110025
300 _a312p.
_c21cm(Hb)
650 _a مذہب - اسلام
_9462
650 _aاسلامی خیالات
_91541
650 _aReligion -- Islam
_992070
650 _aIslami Taaleem
_9116559
700 _aرشیدل وحیدی
_9116560
942 _2ddc
_cUR
_h270.41
_mغ زا
999 _c107001
_d107001